000 00576nam a22001937a 4500
003 OSt
005 20260422030032.0
008 260422b |||||||| |||| 00| 0 eng d
020 _a13: 978-0-07-290469-7.
040 _aDWC-Main lib.
_cOC
082 _aCirc. 515 C658p 2007
100 _aCoburn, John W.
245 _aPrecalculus/
_cJohn W. Coburn
260 _aBoston :
_bMcGraw-Hill Higher Education,
_cc2007.
300 _axxxi, (various paging) :
_billustration;
_c26 cm.
504 _aIncludes index.
650 _a1. Calculus.
942 _2ddc
_cBK-CIRC
_hCirc.
_n0
999 _c9654
_d9654